Astérix entre os helvécios (Registo nº 3805)

Detalhes MARC
000 -Etiqueta do registo
Cabeçalho 00658nam0a2200217 4500
005 - Identificador da versão
Campo de controlo 20240902115157.0
100 ## - Dados gerais de processamento
Dados gerais de processamento 20170317f198- m y0pory5003 ba
101 1# - Língua de publicação
Língua do texto, banda sonora, etc. Português
Língua do documento no original Francês
102 ## - Pais de publicação ou produção
País de publicação Portugal
200 1# - Titulo e menção de responsabilidade
Título próprio Astérix entre os helvécios
Primeira menção de responsabilidade texto de Goscinny
Outras menções de responsabilidade desenhos de Uderzo
210 ## - Publicação, Distribuição, etc. 
Lugar da edição, distribuição, etc. Lisboa
Nome do editor, distribuidor, etc. Meribérica
Data da publicação, distribuição, etc. [198-?]
215 ## - Descrição física 
Indicação específica da natureza do documento e extensão da espécie 48 p.
Outras indicações físicas todo il. color
225 1# - Colecção 
Título próprio da colecção Uma aventura de Astérix
606 ## - Nome comum usado como assunto
Número de registo de entrada de autoridade 0001782
Palavra de ordem Literatura francesa
Subdivisão de assunto Banda desenhada
Código do sistema CA
675 ## - Classificação Decimal Universal (CDU)
Notação 821.133.1(084.11)
Edição 3ª ed.
Língua da edição por
700 #1 - Nome de autor-pessoa física (responsabilidade principal)
Número de registo de entrada de autoridade 0000235
Palavra de ordem Goscinny
Outra parte do nome não tomada para palavra de ordem René
Datas 1926-1977
702 #1 - Nome de autor-pessoa física (responsabilidade secundária)
Número de registo de entrada de autoridade 0000236
Palavra de ordem Uderzo
Outra parte do nome não tomada para palavra de ordem Albert
Datas 1927-
Código de função Ilustrador / Técnico de desenho computorizado
942 ## - Elementos de entrada adicionados (Koha)
Tipo de item no Koha Livro
966 ## - Identificação da Biblioteca
Sigla EBVEN
Exemplares
Situação do levantamento Origin of item (home branch) (coded) Biblioteca de empréstimo Código de barras Cota Circulation type (not for loan) Tipo de documento Nota do exemplar Damaged status
  Biblioteca Escolar das Vendas Biblioteca Escolar das Vendas BEV565 8BD AST   Livro Sem mensagem